• 首页
  • 本馆介绍
  • 公告通知
  • 最新文献
  • 馆藏检索
  • 电子资源
  • 读者导购
  • 参考咨询
  • 我的图书馆
  • 登录
  • 详细信息显示
  • 放入我的书架
  • 预约/预借图书
  • 作者相关作品
  • 分类相关作品
  • 丛书相关作品
  • 出版社相关作品

书目信息

  • 表格格式
  • 工作单格式
  • 卡片格式
题名:
中国现代史词典
    
 
作者: 李盛平 主编
分册:  
出版信息: 北京   中国国际广播出版社  1987
页数: 825,50页
开本: 19cm
丛书名:
单 册:
中图分类: K26-61
科图分类:
主题词: 中国--现代史--1919~1949--词典
电子资源:
ISBN: 7-80035-025-8
000 00645nam0 2200217 45
001 0187008594
005 20050430113348.9
010    @a7-80035-025-8@b精装@dCNY8.20
100    @a19900808d1987 em y0chiy0121 ea
101 0  @achi
102    @aCN@b110000
105    @ay e 000yy
200 10 @a中国现代史词典@Azhong guo xian dai shi ci dian@f李盛平主编@FLi Sheng Ping Zhu Bian
210    @a北京@c中国国际广播出版社@d1987
215    @a825,50页@d19cm
606    @a中国@x现代史@z1919~1949@x词典
690    @aK26-61@v3
701  0 @a李盛平@4主编
801  0 @aCN@b深圳图书馆@c20050418
801  2 @aCN@bNLC@c20050418
905    @dK26-61@e59@f1@b202103
    
    中国现代史词典/李盛平主编.-北京:中国国际广播出版社,1987
    825,50页;19cm
    
    
    ISBN 7-80035-025-8(精装):CNY8.20
    
●
相关链接 在E读中查询图书 在五车中查询图书 在当当中查询图书 在豆瓣中查询图书


正题名:中国现代史词典     索取号:K26-61/59         预约/预借

序号 登录号 条形码 馆藏地/架位号 状态 备注
1 0202103   000807194   密集书库/ [索取号:K26-61/59] 在馆    
2 0202104   002000382   工具书阅览室/ [索取号:K26-61/59] 在馆    
3 0202105   202083903   第二样本阅览室/ [索取号:K26-61/59] 在馆    
唐山师范学院图书馆 欢迎您!
大连网信软件有限公司© 版权所有